000 00828cab a2200241 4500
001 ABS57069
008 090401t1997 xxu||||| |||| 00| 0 eng d
035 _a(Sirsi) u79054
041 _aeng
100 _aO`Hara, T.
245 _aNormal service not asssumed
260 _c1997
350 _a0
490 _aProperty Week
_v59(11) 13 June 1997, 21(1)
520 _aDiscusses the standard form of building contracts, the most commonly used one being the JCT Standard Form. Explains what to look for in the contract, payment under the contract and standard forms of appointment for the professional team.
650 _aFINAL CERTIFICATE
650 _aJCT80
650 _aPROFESSIONAL TEAM
650 _aRETENTION MONIES
690 _aBUILT ENVIRONMENT-BUILDING CONTRACT FORMS
942 _n0
948 _c19/06/1997
999 _c49670
_d49670